[Event "XVII MetLife Najdorf Open 2017"]
[Site "Warsaw"]
[Date "2017.07.12"]
[Round "4.10"]
[White "Socko, Monika"]
[Black "Czarnota, Pawel"]
[Result "0-1"]
[WhiteElo "2480"]
[BlackElo "2557"]
[Annotator "TA"]
[PlyCount "136"]
[EventDate "2017.??.??"]
[EventType "swiss"]
[EventCountry "POL"]
[SourceTitle "playchess.com"]
[Source "ChessBase"]
[SourceQuality "1"]

{[%evp 22,136,21,1,2,0,0,0,11,2,9,7,11,13,0,3,42,-53,-43,-50,-52,-373,-161,-204,-191,-205,-141,-139,-145,-140,-137,-136,-131,-133,-130,-133,-127,-127,-125,-125,-125,-141,-125,-127,-116,-121,-122,-122,-113,-121,-121,-161,-154,-161,-146,-201,-201,-216,-203,-181,-157,-201,-199,-196,-191,-191,-195,-200,-192,-200,-164,-265,-201,-204,-239,-469,-348,-615,-401,-470,-481,-425,-412,-376,-321,-1033,-935,-763,-561,-577,-515,-461,-178,-495,-531,-483,-212,-462,-472,-447,-482,-633,-504,-2094,-339,-2039,-1979,-1826,-1722,-1657,-1662,-1808,-1872,-1535,-1596,-1355,-1336]} 1. d4 d5 2. c4 c6 3. cxd5 cxd5 4. Nc3 Nf6 5. Bf4 Nc6 6. e3 a6 7. Bd3 Bg4 8. Nge2 e6 9. Rc1 Bd6 {D10: Slav Defence: 3 cxd5 (without early Nf3) and 3 Nc3} 10. f3 (10. Bg5 Bh5 11. a3 Bg6 12. Nf4 Bxf4 13. Bxf4 Bxd3 14. Qxd3 Nh5 15. Bg3 O-O 16. b4 Rc8 17. O-O Nxg3 18. hxg3 {½-½ (31) Sokolov,I (2626)-Akopian,V (2656) Dubai 2016}) 10... Bh5 11. O-O O-O 12. a3 {LiveBook: 5 Games} Bg6 13. Bxg6 hxg6 14. Na4 e5 $146 ({Predecessor:} 14... Na5 15. b4 Nc4 16. Qd3 Bxf4 17. Nxf4 Qd6 {½-½ (41) Pigeat,A (2066)-Lutard,T (2134) Pau 2015}) 15. dxe5 Nxe5 16. Qd4 Qe7 17. Nb6 Rad8 18. Rfd1 Rfe8 (18... Nc6 $5 {[%cal Rc6d4]} 19. Qd3 Rfe8 $11) 19. Qc3 (19. Nc3 $14) 19... Bb8 $15 20. Qb3 Ba7 21. Nd4 $2 {[%mdl 8192] [#]} ({Don't blunder} 21. Nxd5 $2 Nxd5 22. Rxd5 Rxd5 $19) (21. Nc3 $15 Bxb6 22. Qxb6) 21... Nh5 (21... Nc4 $142 $1 {[%mdl 512]} 22. Nxc4 dxc4 23. Rxc4 (23. Qxc4 $2 Nd5 $19) 23... Nd5) 22. Bxe5 Qxe5 23. Re1 Qd6 24. Na4 b5 {And now ...Bxd4 would win.} 25. Nc3 Rxe3 $1 26. Rxe3 Bxd4 27. Ne2 Bxe3+ 28. Qxe3 d4 29. Qd3 Nf4 30. Nxf4 Qxf4 $17 {[%mdl 4096] Endgame KQR-KQR} 31. Re1 Qc7 32. Rd1 Qe5 33. h3 g5 34. Kf1 g6 35. Re1 Qc5 36. Kf2 Kg7 37. Re2 Qc4 38. Qe4 (38. Rd2 $17) 38... d3 $19 39. Qe5+ Kg8 40. Rd2 Rd5 41. Qe4 Qc1 42. Qe1 Qc5+ 43. Qe3 {intending Qxc5.} Qd6 44. Qe4 Kg7 45. Qe3 a5 {[%cal Ba6a5,Ba5a4][%mdl 32]} 46. Qe4 (46. Kf1 $142) 46... a4 47. Qe3 f5 {[%cal Bf7f5,Bf5f4,Bf4g3][%mdl 32]} 48. Qa7+ $2 (48. Kg1 {might work better.}) 48... Kf6 49. Kf1 $2 (49. Qe3 f4 50. Qe8) 49... Qc6 50. Qa5 Qc1+ 51. Kf2 Qc5+ 52. Kf1 f4 53. g4 $2 (53. Rd1 d2 54. Qb4) 53... fxg3 54. Kg2 Qd6 55. Qc3+ Kf7 56. Qh8 Qf6 $2 (56... Rc5 {aiming for ...Re5.} 57. Qh7+ Ke8 58. Qg8+ Kd7 59. Qf7+ Kd8 60. Qg8+ Kc7 61. Qf7+ Kb6) 57. Qc8 $2 (57. Qh7+ {is more resistant.} Kf8 58. Qc7) 57... Qe5 58. Qb7+ Kf6 59. Qc8 $2 (59. Qa8 {was the only chance.}) 59... Kg7 60. Qb7+ Kh6 61. Qa8 Rd7 62. Qc8 (62. Qe4 $142 Qf4 63. Rd1) 62... Rf7 $2 (62... Qe3 63. Qxd7 Qxd2+ 64. Kxg3 Qe1+ 65. Kg2 Qe2+ 66. Kg3 Qe5+ 67. Kg2 Qxb2+ 68. Kg3 b4) 63. Qd8 $2 {[#]} (63. Qc3 Qe3 64. Qxd3 Rxf3 65. Qxe3 Rxe3 66. Kf1) 63... Rxf3 $1 {[%mdl 512] Black is clearly winning.} 64. Kxf3 Qf4+ 65. Kg2 Qxd2+ 66. Kxg3 Qxb2 67. Qf8+ Qg7 68. Qd6 Qf7 {Precision: White = 38%, Black = 69%.} 0-1

[Event "XVII MetLife Najdorf Open 2017"]
[Site "Warsaw"]
[Date "2017.07.12"]
[Round "4.11"]
[White "Markowski, Tomasz"]
[Black "Barski, Radoslaw"]
[Result "1-0"]
[WhiteElo "2557"]
[BlackElo "2402"]
[Annotator "TA"]
[PlyCount "83"]
[EventDate "2017.??.??"]
[EventType "swiss"]
[EventCountry "POL"]
[SourceTitle "playchess.com"]
[Source "ChessBase"]
[SourceQuality "1"]

{[%evp 24,83,18,21,0,4,8,0,0,0,43,38,58,54,62,70,75,69,68,77,68,88,77,41,45,29,64,56,45,59,146,129,130,153,332,337,501,510,622,597,607,604,597,610,599,585,707,588,702,691,633,588,779,793,879,868,1016,892,884,879,804,733]} 1. c4 g6 2. g3 Bg7 3. Bg2 Nf6 4. Nc3 O-O 5. d4 d6 6. Nf3 Nbd7 7. O-O e5 8. e4 exd4 9. Nxd4 a5 10. h3 Nc5 11. Bf4 Re8 12. Re1 Nfd7 13. Be3 {LiveBook: 12 Games. E68: King's Indian: Fianchetto: 6...Nbd7 7 0-0 e5 8 e4} a4 14. Rb1 {[#]} Ne5 $146 ({Predecessor:} 14... c6 15. b4 axb3 16. axb3 Ne5 17. Bf1 Ne6 18. Nxe6 {½-½ (18) Illescas Cordoba,M (2605)-Comas Fabrego,L (2540) Pamplona 1999}) 15. Bf1 {The position is equal.} Bd7 16. Ndb5 Bc6 17. Bxc5 dxc5 18. f4 Nd7 19. e5 g5 20. Nd5 gxf4 21. gxf4 Re6 {Black wants to play ...Rg6+.} 22. Bd3 Rh6 23. Re3 {Threatens to win with Qg4.} Bxb5 24. cxb5 c6 25. bxc6 bxc6 26. Nc3 $36 {[%mdl 2048] White fights for an advantage.} Nxe5 (26... Nf8 $14) 27. fxe5 $16 {aiming for Qf3.} Qg5+ 28. Kf2 {Hoping for Qf3.} Bxe5 $2 {[#]} (28... c4 $16) 29. Qg1 $1 $18 {[%cal Rg1g5]} Rg6 (29... Bf4 {was necessary.} 30. Qxg5+ Bxg5) 30. Bxg6 {White is clearly winning.} Qf4+ 31. Ke2 hxg6 32. Re4 Qf6 33. Qxc5 Re8 34. Rf1 Qg5 35. Qe3 Qh5+ 36. Qf3 Qh7 37. Qg4 Re6 38. Nxa4 {[%cal Bc3a4,Ba4c5,Bc5d3][%mdl 32]} Qg7 39. Nc5 Re8 40. Nd3 f5 {[#]} 41. Rxf5 $1 gxf5 42. Qxg7+ {Precision: White = 85%, Black = 39%.} 1-0

[Event "XVII MetLife Najdorf Open 2017"]
[Site "Warsaw"]
[Date "2017.07.12"]
[Round "4.12"]
[White "Kveinys, Aloyzas"]
[Black "Szustakowski, Antoni"]
[Result "1-0"]
[WhiteElo "2542"]
[BlackElo "2171"]
[Annotator "TA"]
[PlyCount "71"]
[EventDate "2017.??.??"]
[EventType "swiss"]
[EventCountry "POL"]
[SourceTitle "playchess.com"]
[Source "ChessBase"]
[SourceQuality "1"]

{[%evp 25,71,14,27,4,14,11,25,25,30,19,27,31,22,14,18,0,21,37,44,0,0,0,0,-20,-30,-26,-12,-45,-32,-45,17,0,200,210,188,189,399,412,406,410,448,430,429,434,420,392,489,500]} 1. d4 e6 2. c4 Nf6 3. Nc3 Bb4 4. Qc2 c5 5. dxc5 O-O 6. a3 Bxc5 7. Nf3 b6 8. Bg5 Bb7 9. e4 h6 10. Bh4 Be7 11. Be2 d6 {E39: Nimzo-Indian: Classical: 4...c5 5 dxc5 0-0} 12. Rd1 Nbd7 {[%cal Bb8d7,Bd7c5,Bc5e4][%mdl 32]} 13. O-O Qc7 {LiveBook: 7 Games. The position is equal.} 14. Nd4 a6 15. f4 {[#]} Nc5 $146 {[%cal Rc5e4]} ({Predecessor:} 15... Rfe8 16. Bg3 Rac8 17. Rfe1 Qb8 18. Nb3 e5 19. f5 {0-1 (55) Arlandi,E (2438)-Delchev,A (2603) Plovdiv 2003}) 16. Bf3 Nfxe4 17. Bxe7 Nxc3 18. Bxd6 ({Of course not} 18. Bxf8 Nxd1 19. Rxd1 (19. Bxg7 Ne3 $17) 19... Rxf8 $17) 18... Qxd6 19. Qxc3 {[#] aiming for Nf5!} Qc7 20. b4 Ne4 21. Qe3 $40 {[%mdl 128] White attacks.} Nf6 22. Bxb7 (22. Qe5 $5 {[%cal Re5c7]} Rfc8 23. Bxb7 Qxb7 24. f5 $14) 22... Qxb7 23. f5 Qc7 {Threatens to win with ...Qxh2+!} 24. Rfe1 (24. fxe6 $5 {[%cal Rf1f6]} Qxh2+ 25. Kxh2 Ng4+ 26. Kg3 Nxe3 27. exf7+ Rxf7 28. Rxf7 Kxf7 29. Rc1 $11) 24... e5 25. Qxe5 Qxc4 26. Qd6 Rac8 27. Nf3 Qg4 ({Black should play} 27... Qa2 $15) 28. Ne5 (28. h3 $5 {[%cal Rh3g4]} Qxf5 29. Qxb6 $11) 28... Qxf5 $2 {[#]} (28... Qg5 $11 {and Black stays safe.}) 29. Nc6 $1 $18 {[%cal Rc6e7] Strongly threatening Ne7+.} Qb5 30. Na7 Qg5 $2 (30... Qa4) 31. Nxc8 Rxc8 32. Qxb6 Rc2 {[%csl Gc2][%cal Rg5g2]} 33. Qd8+ Kh7 {[%csl Gc2][%cal Rg5g2]} 34. Qd3+ Qg6 35. Qxg6+ Kxg6 36. Rd6 {Precision: White = 58%, Black = 43%.} 1-0

[Event "XVII MetLife Najdorf Open 2017"]
[Site "Warsaw"]
[Date "2017.07.12"]
[Round "4.13"]
[White "Szadkowski, Kamil"]
[Black "Jakubowski, Krzysztof"]
[Result "1-0"]
[WhiteElo "2237"]
[BlackElo "2518"]
[Annotator "TA"]
[PlyCount "81"]
[EventDate "2017.??.??"]
[EventType "swiss"]
[EventCountry "POL"]
[SourceTitle "playchess.com"]
[Source "ChessBase"]
[SourceQuality "1"]

{[%evp 22,81,24,0,11,-41,-34,-26,-12,-9,0,-54,111,92,211,90,534,522,746,726,853,820,1889,590,557,590,573,565,585,573,576,572,573,579,555,554,550,530,528,508,520,523,531,499,483,423,459,395,387,391,382,379,1415,1415,1330,1331,1170,1008,1303,1290,29996,29997]} 1. e4 c5 2. Nf3 Nc6 3. d4 cxd4 4. Nxd4 Qb6 5. Nb3 Nf6 6. Nc3 e6 7. Bd3 a6 8. Qf3 {B33: Sicilian: Pelikan and Sveshnikov Variations} (8. f4 d5 9. e5 Nd7 10. Qg4 Nc5 11. Nxc5 Qxc5 12. a3 g6 13. Nd1 Nd4 14. Ne3 Bd7 15. O-O Bb5 {1-0 (58) Robson,R (2668)-Kamsky,G (2659) Saint Louis 2017}) 8... Qc7 9. Qg3 $146 ({Predecessor:} 9. Bf4 d6 10. Qe2 Be7 11. h3 b5 12. a4 b4 13. Nb1 O-O 14. N1d2 a5 15. g4 Nd7 {0-1 (28) Marinkov,S (2071)-Martinovic,S (2440) Belgrade 2006}) 9... d6 10. O-O b5 11. a3 Bb7 12. f4 {LiveBook: 3 Games} g6 13. f5 (13. Qh3 $1 $11) 13... gxf5 $15 {aiming for ...Rg8.} 14. Qh4 $1 {[%cal Rh4f6]} ({Of course not} 14. exf5 Rg8 $17) 14... Nxe4 15. Bxe4 fxe4 16. Nxe4 {Black must now prevent Nf6+.} Bg7 $2 (16... Be7 $1 $15 17. Bg5 Ne5 18. Bxe7 Qxe7 19. Nf6+ Kd8) 17. Bh6 $36 {[%mdl 2048] White has strong initiative.} Bxb2 {[#]} (17... Be5 $16 {keeps fighting.}) 18. Rad1 (18. Bf4 $1 $18 {and the rest is easy.} Be5 19. Rad1) 18... Rd8 $2 {[%mdl 8192] [#]} (18... d5 $16 19. Ng5 Ne5) 19. Nd4 $1 $18 {[%mdl 512] Threatens to win with Nf6+.} Bxd4+ {[#]} 20. Rxd4 $1 {[%mdl 512] And now Nf6+ would win.} f5 (20... Nxd4 21. Nf6+) 21. Nf6+ Kf7 {[#]} 22. Qh5+ ({Not} 22. Qg5 Rhg8 $15) (22. Rg4 $142 $1 {[%mdl 512] White wants to mate with Rg7+.} Rdg8 (22... fxg4 23. Qxg4) 23. Nxg8 Qb6+ 24. Kh1 Rxg8 25. Rxg8) 22... Kxf6 23. Qg5+ Kf7 24. Qg7+ Ke8 25. Qxc7 Rd7 26. Qb6 Nxd4 27. Qxd4 Rg8 28. g3 e5 29. Qe3 Be4 30. Qb6 Rg6 31. Bd2 h5 32. Bc3 Kf7 33. Rd1 h4 34. Bxe5 Rb7 35. Qd8 dxe5 36. Qxh4 Bxc2 $2 (36... Re7 37. Qh7+ Rg7 38. Qh5+ Rg6) 37. Qh7+ Rg7 38. Qh5+ Ke7 39. Qh6 Kf7 40. Rd6 {Intending Qe6+ and mate.} Re7 41. Qh5+ {Precision: White = 55%, Black = 28%.} 1-0

[Event "XVII MetLife Najdorf Open 2017"]
[Site "Warsaw"]
[Date "2017.07.12"]
[Round "4.14"]
[White "Das, Sayantan"]
[Black "Cheparinov, Ivan"]
[Result "1/2-1/2"]
[WhiteElo "2399"]
[BlackElo "2703"]
[Annotator "RC"]
[PlyCount "90"]
[EventDate "2017.??.??"]
[EventType "swiss"]
[EventCountry "POL"]
[SourceTitle "playchess.com"]
[Source "ChessBase"]
[SourceQuality "1"]
[TimeControl "40/5400+30:1800+30"]

1. e4 c5 2. Nf3 e6 3. d4 cxd4 4. Nxd4 Nc6 5. Nc3 Qc7 6. Be3 a6 7. Qd2 Nf6 8. O-O-O Be7 9. f3 b5 10. Nxc6 dxc6 11. Qf2 e5 12. Bb6 Qb7 13. Bc5 O-O 14. Bd6 Bxd6 15. Rxd6 Ne8 16. Rd2 Qa7 17. Qxa7 Rxa7 18. Be2 Nc7 19. Rhd1 Ne6 20. Bf1 Re8 21. Re1 g6 22. Nd1 h5 23. Ne3 Kf8 24. c3 Ke7 25. h4 a5 26. Nd1 Nc5 27. Nf2 Be6 28. Kb1 b4 29. Rc1 b3 30. a3 Rd7 31. Rxd7+ Nxd7 32. Re1 f5 33. f4 Kf8 34. Kc1 exf4 35. Nd3 Bf7 36. exf5 Rxe1+ 37. Nxe1 gxf5 38. Be2 Ne5 39. Kd2 Ke7 40. Nd3 Nxd3 41. Kxd3 Kd6 42. Bf3 Kc5 43. Kd2 Kd6 44. Kd3 Kc5 45. Kd2 Kd6 1/2-1/2

[Event "XVII MetLife Najdorf Open 2017"]
[Site "Warsaw"]
[Date "2017.07.12"]
[Round "4.15"]
[White "Kovalev, Vladislav"]
[Black "Molenda, Marcin"]
[Result "1/2-1/2"]
[WhiteElo "2639"]
[BlackElo "2419"]
[Annotator "TA"]
[PlyCount "145"]
[EventDate "2017.??.??"]
[EventType "swiss"]
[EventCountry "POL"]
[SourceTitle "playchess.com"]
[Source "ChessBase"]
[SourceQuality "1"]

{[%evp 15,145,-8,4,-20,10,4,0,-4,11,21,27,28,39,48,79,41,64,56,62,57,92,64,67,67,84,48,42,9,37,0,8,-33,-41,-109,34,-8,-8,-16,-11,-25,-21,0,0,0,0,0,0,3,-1,-18,-11,-30,-31,-82,-81,-86,-82,-87,-78,-96,-92,-166,-158,-149,-154,-146,-102,-141,-138,-152,-156,-6267,-6218,-5927,-6147,-1589,-133,-141,-135,-156,-127,-148,-100,-106,-91,-95,-85,-94,-69,-87,-77,-97,-97,-97,-97,-88,-69,-77,-70,-97,-97,-97,-97,-97,-97,-114,-97,-97,-97,-97,-97,-97,-97,-97,-97,-97,-97,-104,-104,-104,-104,-104,-104,-104,-104,-104,-47,-76,-8,-8,-8,-8]} 1. e4 c5 2. Be2 Nc6 3. f4 d6 4. Nf3 Nf6 5. d3 g6 6. O-O Bg7 7. c3 O-O 8. Kh1 {B22: Sicilian: 2 c3} Rb8 {LiveBook: 3 Games} (8... b5 9. a3 a5 10. Be3 Ng4 11. Bg1 e5 12. fxe5 Ngxe5 13. Nxe5 Nxe5 14. d4 Nd7 15. Bxb5 Qc7 {1-0 (42) Fedoseev,V (2664)-Yu,Y (2736) Ningbo 2015}) 9. Be3 b5 10. a3 Bb7 $146 ({Predecessor:} 10... a5 11. Nbd2 b4 12. d4 d5 13. e5 Ng4 14. Bg1 {1-0 (60) Souleidis,G (2401)-Maze,S (2613) chess.com INT 2017}) 11. Nbd2 a6 12. Rc1 Rc8 13. b4 cxb4 14. axb4 Nb8 15. Ng5 Nbd7 16. Qe1 e6 17. Nb3 Qe7 18. Qh4 {And now Nxh7! would win.} h6 19. Nf3 Rfe8 20. Qh3 Rc7 21. Nfd4 Rec8 22. Bd2 Nb6 23. Rc2 Na4 24. Rfc1 {[#]} (24. f5 $15 e5 25. fxg6 exd4 26. Bxh6 fxg6 27. Bxg7 Kxg7 28. Nxd4 Rxc3 29. Bd1 Rxc2 30. Bxc2) 24... Nd7 (24... e5 $1 $17 {[%cal Re5d4]} 25. fxe5 dxe5) 25. Qe3 e5 26. fxe5 Nxe5 27. Na5 Ba8 28. Ndb3 Nd7 29. c4 bxc4 30. Rxc4 Ndb6 31. Rxc7 Rxc7 32. h3 Rxc1+ 33. Bxc1 d5 34. Bd2 (34. exd5 $15 Qxb4 35. Bf3 (35. Bd2 Bc3 $17)) 34... dxe4 $17 35. dxe4 Bxe4 36. Bd3 f5 37. Bxa6 Kh7 38. Nc5 (38. Bf1 $17 {is a better defense.}) 38... Nd5 $19 39. Qf2 Nxc5 40. bxc5 Qf6 41. Bf1 {[#]} Qa1 $1 42. Qe1 Qa3 43. Kh2 $2 (43. Qh4 $17) 43... Be5+ 44. Kg1 Qxc5+ 45. Kh1 Qa3 $2 (45... Bb8 $19 {is more deadly. ( -> ...Qd6)} 46. Bd3 Qc7) 46. Qh4 $17 Bg7 47. Nc4 Qa1 48. Qe1 Qxe1 49. Bxe1 Nf4 {...Nxh3 is the strong threat.} 50. Kh2 Ne6 51. Bb4 Bd4 52. Nd2 Be5+ 53. Kg1 Bd5 54. Bc4 Bxc4 55. Nxc4 {[%mdl 4096] Endgame KBN-KBN} Bd4+ 56. Kf1 g5 57. Bd2 Kg6 58. Ke2 h5 {[%cal Bh6h5,Bh5h4][%mdl 32]} 59. Kd3 Bf6 60. Be3 Nc7 61. Bd4 Nd5 {White must now prevent ...Nf4+.} 62. Bxf6 Kxf6 {KN-KN} 63. Ke2 h4 64. Kf3 Nf4 65. Ne3 Ne6 66. Nc4 Nd4+ 67. Ke3 Nc6 68. Nd2 Ne5 69. Nb3 Nc4+ 70. Kd4 Nb6 (70... Nd6 $17 71. Kd5 Nb5) 71. Nc5 $15 g4 ({Better is} 71... Kg6 $17) 72. hxg4 $11 fxg4 {Strongly threatening ...Kf5.} 73. Ke4 {Precision: White = 52%, Black = 50%.} 1/2-1/2

[Event "XVII MetLife Najdorf Open 2017"]
[Site "Warsaw"]
[Date "2017.07.12"]
[Round "4.16"]
[White "Sengupta, Deep"]
[Black "Moehn, Hans"]
[Result "1-0"]
[WhiteElo "2596"]
[BlackElo "2380"]
[Annotator "TA"]
[PlyCount "117"]
[EventDate "2017.??.??"]
[EventType "swiss"]
[EventCountry "POL"]
[SourceTitle "playchess.com"]
[Source "ChessBase"]
[SourceQuality "1"]

{[%evp 24,117,66,64,65,55,62,31,56,49,60,59,60,48,71,66,64,63,70,51,61,41,72,61,89,83,100,104,111,105,102,101,118,100,105,93,103,100,204,126,128,104,110,124,174,174,174,160,162,166,173,174,174,174,174,174,158,129,130,118,125,111,279,260,322,277,472,472,472,472,472,472,472,472,472,472,539,537,525,516,492,483,29970,29973,29973,29974,29974,29975,29975,29976,29976,29976,29975,29974,29979,29980]} 1. e4 e6 2. d4 d5 3. Nd2 dxe4 4. Nxe4 Bd7 5. Nf3 Bc6 6. Bd3 Nd7 7. O-O Ngf6 8. Ned2 Be7 9. b3 O-O {C10: French with 3 Nc3: Unusual Black 3rd moves and 3...dxe4} 10. Bb2 Re8 (10... b6 11. Qe2 Bb7 12. Ba6 Qc8 13. Bxb7 Qxb7 14. c4 Rfe8 15. Rad1 a5 16. a3 Rad8 17. h3 {½-½ (53) Timofeev,A (2601)-Pridorozhni,A (2579) Sochi 2016}) 11. c4 Bxf3 12. Nxf3 c6 13. Qe2 {LiveBook: 5 Games} Qb6 $146 ({Predecessor:} 13... Qa5 14. Ne5 Ba3 15. Bxa3 Qxa3 16. Rad1 Rad8 17. Bb1 Qe7 {1-0 (57) Feygin,M (2484)-Wegerle,J (2417) Germany 2006}) 14. Rad1 Rad8 15. Bb1 Nf8 16. Rd3 Ng6 17. g3 Qa5 18. Ne5 Nxe5 19. dxe5 Nd7 20. Bc3 Qc7 21. f4 (21. Qe4 $5 {[%cal Rd3d7]} g6 22. Rfd1 $16) 21... Nf8 22. Rdf3 Bc5+ 23. Kh1 Bd4 24. Be1 Rd7 25. g4 f6 26. exf6 gxf6 27. g5 Rde7 28. gxf6 Bxf6 29. Rg3+ Rg7 30. f5 Kh8 (30... Rxg3 $16 31. Bxg3 e5) 31. Qh5 Qf7 32. Qxf7 Rxf7 33. fxe6 Nxe6 34. Bc3 Ref8 {Strongly threatening ...Bxc3.} 35. Rgf3 $40 {[%mdl 128] White goes for the king.} Kg7 36. Rxf6 Rxf6 {[#]} 37. Bxh7 $1 {[%mdl 512]} Kxh7 38. Rxf6 Rxf6 39. Bxf6 $18 {[%mdl 4096] Endgame KB-KN} Kg6 40. Be5 Kf5 41. Bb8 a6 42. Kg2 b5 $2 {[#]} (42... Nc5 $16) 43. Kf3 bxc4 44. bxc4 Nd4+ $2 (44... Nc5 45. Ke3 Nd7) 45. Ke3 Ne6 46. Bd6 Nd8 47. Kd4 Ne6+ 48. Kc3 Nd8 49. Be7 Nb7 50. Kd4 Ke6 51. Bh4 Kf5 52. Bg3 Kf6 (52... Ke6 $18 53. h4 Kf6 54. Be5+ Kf5) 53. Bc7 {White mates.} Kf5 54. a4 {[%cal Ba2a4,Ba4a5][%mdl 32]} Kf6 55. c5 Kf5 56. Bb6 Kf4 57. a5 Kf5 58. Ke3 Kg4 59. Ke4 {Precision: White = 68%, Black = 19%.} 1-0

[Event "XVII MetLife Najdorf Open 2017"]
[Site "Warsaw"]
[Date "2017.07.12"]
[Round "4.17"]
[White "Lagunow, Raphael"]
[Black "Aleksandrov, Aleksej"]
[Result "1/2-1/2"]
[WhiteElo "2348"]
[BlackElo "2581"]
[Annotator "TA"]
[PlyCount "74"]
[EventDate "2017.??.??"]
[EventType "swiss"]
[EventCountry "POL"]
[SourceTitle "playchess.com"]
[Source "ChessBase"]
[SourceQuality "1"]

{[%evp 11,74,15,65,25,40,37,32,14,12,-2,21,21,31,23,33,19,18,0,0,0,0,-11,0,0,0,-27,0,0,27,25,45,44,54,58,54,10,61,20,20,28,20,20,20,25,23,0,0,-8,-7,-7,-7,-7,-7,-7,-7,-7,-7,-7,-7,-7,-4,-11,-8,-8,-8]} 1. Nf3 Nf6 2. g3 b5 3. Bg2 Bb7 4. O-O e6 5. d3 Be7 6. e4 {[%cal Be2e4,Be4e5][%mdl 32]} c5 {LiveBook: 10 Games. A05: Réti Opening: 1 Nf3 Nf6} (6... d6 7. Nd4 a6 8. Nb3 c5 9. e5 Bxg2 10. exf6 Bxf1 11. fxe7 Qxe7 12. Qxf1 Nc6 13. Be3 O-O 14. Nc3 f5 {1-0 (39) Aronian,L (2801)-Ipatov,A (2630) Antalya 2013}) 7. Re1 O-O 8. e5 $146 ({Predecessor:} 8. Nbd2 d6 9. c3 Nc6 10. a3 a5 11. d4 cxd4 12. cxd4 a4 13. Nb1 Na5 14. Nc3 Qb6 15. d5 Ng4 16. Qc2 exd5 17. exd5 Bf6 {½-½ (44) Heissler,J (2425)-Poldauf,D (2425) Germany 1993}) 8... Ne8 {White is slightly better.} 9. a4 b4 10. Nbd2 {[%cal Bb1d2,Bd2c4,Bc4d6,Bd6e4][%mdl 32]} f6 11. exf6 Nxf6 12. Nc4 Nc6 13. Bf4 Na5 14. Bd6 Bxd6 15. Nxd6 Bd5 16. c4 bxc3 (16... Bxf3 $5 17. Bxf3 Rb8 $11) 17. bxc3 Rb8 18. Ne4 Qe7 19. Nfd2 {[%cal Bf3d2,Bd2e4,Be4c5][%mdl 32]} Ba8 20. f4 c4 21. Nxf6+ (21. Nxc4 Nxe4 22. Bxe4 Bxe4 $17) 21... Qxf6 22. Bxa8 Rxa8 23. Ne4 Qd8 (23... Qg6 $11) 24. dxc4 Nxc4 25. Qd4 Qc7 26. Rad1 Rfd8 27. Nc5 Nb2 28. Rd2 Rac8 {The position is equal.} 29. Re5 (29. Nxd7 $2 Nc4 $19) (29. Rb1 {with more complications.} Qxc5 30. Rbxb2 Qxc3 31. Qxc3 Rxc3 32. Rb7) 29... d6 {[%cal Bd7d6,Bd6e5][%mdl 32]} 30. Nxe6 dxe5 31. Qxd8+ $1 Rxd8 32. Rxd8+ {[#]} Qxd8 $1 {[%mdl 512]} 33. Nxd8 exf4 $11 {KN-KN} 34. a5 fxg3 35. hxg3 a6 36. Nb7 Kf7 37. Nc5 Nc4 {Precision: White = 51%, Black = 54%.} 1/2-1/2

[Event "XVII MetLife Najdorf Open 2017"]
[Site "Warsaw"]
[Date "2017.07.12"]
[Round "4.18"]
[White "Dziuba, Marcin"]
[Black "Das, Arghyadip"]
[Result "1/2-1/2"]
[WhiteElo "2561"]
[BlackElo "2416"]
[Annotator "TA"]
[PlyCount "87"]
[EventDate "2017.??.??"]
[EventType "swiss"]
[EventCountry "POL"]
[SourceTitle "playchess.com"]
[Source "ChessBase"]
[SourceQuality "1"]

{[%evp 18,87,0,4,8,8,16,21,22,19,16,0,0,0,-15,-7,-19,-7,8,4,2,0,2,11,0,0,5,0,0,0,0,0,0,0,0,-4,0,0,8,0,0,-141,-18,-30,0,-605,-103,-109,-106,-82,-54,-40,-29,-94,-80,-82,-80,-89,-19,-17,0,0,0,0,0,0,0,0,0,0,0,0]} 1. d4 d5 {[%cal Bd7d5,Bd5c4][%mdl 32]} 2. c4 e6 3. Nf3 c6 4. g3 dxc4 5. Bg2 b5 6. Ne5 {D30: Queen's Gambit Declined: Systems without Nc3} Bb7 7. O-O Nf6 8. b3 cxb3 9. axb3 Be7 10. Nc3 {LiveBook: 5 Games} Nd5 (10... a6 11. Bg5 h6 12. Bf4 O-O 13. Ne4 Nxe4 14. Bxe4 {1-0 (39) Mamedyarov,S (2747)-Beliavsky,A (2630) Reykjavik 2016}) 11. Ne4 Nd7 $146 ({Predecessor:} 11... O-O 12. Bb2 Na6 13. Qd2 c5 14. dxc5 Nxc5 15. Nxc5 Bxc5 {0-1 (44) Merry,A (2340)-Baglan,E (2171) Albena 2015}) 12. Nxd7 Qxd7 13. Bd2 O-O 14. Ba5 f5 15. Nc5 Bxc5 $1 16. dxc5 Qe7 17. Qc2 Bc8 18. e4 fxe4 19. Bxe4 h6 20. Rfe1 (20. Bc3 $5) 20... Qf6 21. Rad1 b4 22. f4 Rb8 23. Bd3 Bd7 24. Kh1 Be8 25. Re5 $1 Bf7 26. Qg2 Kh8 27. Rde1 Bg8 28. Qe4 Qf7 29. h4 (29. Kg1 $11 {keeps the balance.}) 29... Qd7 (29... Qe7 $17 30. Re2 Qxc5) 30. Qd4 Rb7 {Hoping for ...Nxf4.} 31. R5e4 $2 {[%mdl 8192] [#]} (31. Ba6 $11) 31... Nc3 $2 (31... e5 $1 $19 {[%mdl 512] has better winning chances.} 32. Qf2 (32. Qxe5 Qh3+) 32... Nf6) 32. Qxd7 $17 Rxd7 33. R4e3 {[#]} e5 $1 {[%mdl 512]} 34. fxe5 (34. Rxe5 Rxd3) 34... Bxb3 {White must now prevent ...Be6.} 35. Bf1 (35. e6 $11 Re7 36. Kh2) 35... Be6 36. Bxb4 Nd5 37. Re4 Nxb4 (37... Rf3 $17 38. Kg2 Rb3) 38. Rxb4 $11 {The position is equal.} Rd2 {And now ...Rxf1+! would win.} 39. Bg2 $1 Rc2 40. Rb7 Rxc5 41. Rxa7 Rc2 42. Re7 Bd5 43. Bxd5 cxd5 44. e6 {Precision: White = 59%, Black = 54%.} 1/2-1/2